Normal view
MARC view
Entry Personal Name
001 - CONTROL NUMBER
- control field: 1123458
003 - CONTROL NUMBER IDENTIFIER
- control field: OSt
005 - DATE AND TIME OF LATEST TRANSACTION
- control field: 20260302120037.0
008 - FIXED-LENGTH DATA ELEMENTS
- fixed length control field: 260302|| aca||aabn | a|a d
040 ## - CATALOGING SOURCE
- Original cataloging agency: OSt
- Transcribing agency: OSt
100 ## - HEADING--PERSONAL NAME
- Personal name: Burkhard Hess, Paul Oberhammer, Stefania Bariatti, Christian Koller, Björn Laukemann, Marta Requejo Isidro and Francesca Clara Villata
670 ## - SOURCE DATA FOUND
- Source citation: Work cat.: (OSt)1688365: Burkhard Hess, Paul Oberhammer, Stefania Bariatti, Christian Koller, Björn Laukemann, Marta Requejo Isidro and Francesca Clara Villata, The Implementation of the New Insolvency Regulation Improving Cooperation and Mutual Trust
